书目信息 |
| 题名: |
大学英语六级考试新题型应试综合指南
|
|
| 作者: | 奚洁 , 顾露雯 主编 | |
| 分册: | ||
| 出版信息: | 南京 南京大学出版社 2007.05 |
|
| 页数: | 184页 | |
| 开本: | 26cm | |
| 丛书名: | 大学英语四、六级考试新题型直通车 | |
| 单 册: | ||
| 中图分类: | H310.42 | |
| 科图分类: | ||
| 主题词: | 英语--ying yu--高等学校--自学参考资料 | |
| 电子资源: | ||
| ISBN: | 978-7-305-05058-9 | |
| 000 | 01077nam 2200265 450 | |
| 001 | 012008065780 | |
| 005 | 20080517142924.37 | |
| 010 | @a978-7-305-05058-9@dCNY18.00 | |
| 100 | @a20080517d2007 em y0chiy0120 ea | |
| 101 | 0 | @achi@aeng |
| 102 | @aCN@b320000 | |
| 105 | @ay z 000yy | |
| 106 | @ar | |
| 200 | 1 | @a大学英语六级考试新题型应试综合指南@Ada xue ying yu liu ji kao shi xin ti xing ying shi zong he zhi nan@f奚洁, 顾露雯主编@Fxi jie,gu lu wen zhu bian |
| 210 | @a南京@c南京大学出版社@d2007.05 | |
| 215 | @a184页@d26cm | |
| 225 | 2 | @a大学英语四、六级考试新题型直通车@Ada xue ying yu si、liu ji kao shi xin ti xing zhi tong che |
| 330 | @a本书主要内容包括听力题型、阅读理解题型、完型填空和改错题型、汉英翻译题型分析与答题技巧,六级词汇表,六级考试高频词汇及短语,六级考试试点样卷等。 | |
| 410 | 0 | @12001 @a大学英语四、六级考试新题型直通车 |
| 606 | 0 | @a英语@Aying yu@x高等学校@j自学参考资料 |
| 690 | @aH310.42@v4 | |
| 701 | 0 | @a奚洁@Axi jie@4主编 |
| 701 | 0 | @a顾露雯@Agu lu wen@4主编 |
| 801 | 0 | @aCN@bQSSK@c20080517 |
| 905 | @b712787-89@dH310.42@eX138@f3 | |
| 大学英语六级考试新题型应试综合指南/奚洁, 顾露雯主编.-南京:南京大学出版社,2007.05 |
| 184页;26cm.-(大学英语四、六级考试新题型直通车) |
| ISBN 978-7-305-05058-9:CNY18.00 |
| 本书主要内容包括听力题型、阅读理解题型、完型填空和改错题型、汉英翻译题型分析与答题技巧,六级词汇表,六级考试高频词汇及短语,六级考试试点样卷等。 |
| ● |
| 相关链接 |
|
|
|
正题名:大学英语六级考试新题型应试综合指南
索取号:H310.42/X138
 
预约/预借
| 序号 | 登录号 | 条形码 | 馆藏地/架位号 | 状态 | 备注 |
| 1 | 712787 | 207127875 | 语言库209/209语言库 98排1列4层/ [索取号:H310.42/X138] | 在馆 | |
| 2 | 712788 | 207127884 | 语言库209/209语言库 98排1列4层/ [索取号:H310.42/X138] | 在馆 | |
| 3 | 712789 | 207127893 | 语言库209/209语言库 98排1列4层/ [索取号:H310.42/X138] | 在馆 |